Undercards Quiz - Token - Statistics

General Stats
  • This quiz has been taken 19 times
    7 since last reset
  • The average score is 96 of 141
Answer Stats
Hint Answer % Correct
Magic: If you have Flour and Milk in your dustpile, Burn them and turn into a Cake. Eggs
100%
Magic: If you have Eggs and Milk in your dustpile, Burn them and turn into a Cake. Flour
100%
Loop (2). Look at all spells of the enemy SOUL (max. RARE) and choose one. Delay: Add it to your hand. ACT Button
75%
Cast a random spell on a random target. Arcane Codes
75%
Turbo: Deal 5 DMG to yourself. Draw a card. Big Mine
75%
DEAL 99 DMG TO ALL ALLIES 99 TIMES! BIG SHOT!!!
75%
Dust: Silence and kill a random enemy Red House. If there were none, summon a Red House. Blue House
75%
Dodge (1). After this loses a Dodge, give 2 random monsters in the opponent's hand +1/+1. Bone
75%
Transparency. Dust: Deal 2 DMG to the highest HP monster. Boxed Body
75%
Give a monster -2/-1. Draw a card. Breaking Love
75%
Add a Cell Key to your deck. Draw a card. Broken Key
75%
Haste. Magic: Give an ally monster +1/+2. Broken Pillar
75%
Dust: Give all ally Bunbuns +3 ATK. Bun
75%
Candy. Haste. Taunt. Dust: Heal 5 HP to all allies. Cake
75%
Magic: Look at all Chaos Weapons and choose one to add to your hand with -2 cost. Cell Key
75%
Look at the next 2 cards of your deck. Give them -1 cost. Choose one to draw. Send the other to the bottom of your deck. Change of Winds
75%
Cast all Chaos Weapons (except Club Chaos). Chaos Bomb
75%
Give the highest HP ally monster -6 HP. Excess HP loss is converted as DMG to you. CLICK HERE TO DIE
75%
Cast 7 random spells costing 4 or less G on random targets. Club Chaos
75%
Look at all Thrashing Parts and add one to your hand. Create a Machine
75%
Give a monster +1/+2. If it's a C-Round, turn it into a K-Round instead. Draw a card. Crown
75%
Dust: If it's the enemy turn, release the caught monster. Cyber Cage
75%
Add One Of Each Giga Attack To Your Hand. Detachable Hands
75%
Draw up to 3 cards and give them -2 cost. Diamond Chaos
75%
Turn end: If this card has ATK buffs, gain Taunt. Dog Residue
75%
Loop (1). Magic: Switch: Gain +2 HP or +2 ATK. Doodlebog
75%
Look at 5 random different monsters (max. EPIC) costing 5-6 G and choose one. Add it to your hand with -1 cost. Draft
75%
Send a card in your hand to your deck. Draw 2 cards. Dream
75%
Dust: Deal 1 DMG to a random enemy monster and the opponent. Dynamite Stick
75%
Disarmed. Whenever an enemy monster attacks, this loses 1 HP. Dust: Summon an Apoca Duck. Failed Design
75%
Summon Ultimathrash, earn 7 G, deal 7 DMG to all enemies, heal 7 HP to all allies, and add 7 Drafts to your hand. Final Gambit!
75%
Dodge (1). Magic: Give -3 ATK to an enemy monster and -1 ATK to its adjacent monsters. Flame of Love
75%
Deal 8 DMG to a monster or you. Gaster Blaster
75%
Deal 1 DMG. Gemstone
75%
Lose 6 G. The enemy gains 6 G. Generosity
75%
Taunt. Turn start: Die to heal 3 HP to all allies and deal 2 DMG to all enemies. GIGA Baseball
75%
Kill An Enemy Monster. GIGA Glass
75%
An Ally Monster Attacks A Random Enemy Monster. Excess DMG Is Dealt To The Enemy. (Max. 7) GIGA Kick
75%
An Ally Monster Gains Dodge (1) And Attacks The Lowest ATK Enemy Monster. GIGA Punch
75%
--- Green Flower
75%
Heal 7 HP to all allies. Heart Chaos
75%
Delay: Summon a Ms Pipis. If you can't, turn a random ally monster into Ms Pipis. HOTSINGLE
75%
Take 1 DMG. Draw a card (except Hyperlink Blocked). Hyperlink Blocked
75%
Taunt. Magic: Paralyze a monster. Dust: Deal 3 DMG to all enemy monsters. Ice Crystal
75%
In your hand, this has -1 cost for each monster in both players' dustpiles. Give all monsters in your hand +1/+1. Instant Noodles
75%
Choose a Bargain to cast. Add a counter to FREE KROMER. Accept the deal or you will DIE! Irresistible Deal
75%
Give all ally monsters +1/+2. Give all monsters in your hand +1/+1. Jevilstail
75%
Look at 2 3-cost monsters (max. EPIC) and add one to your hand with 0 cost. Delay: Add a Junk for Sale to your hand if you have none. Junk for Sale
75%
Haste. Turn end: Die and heal 3 HP to you. Laser Topper
75%
Dust: Deal 3 DMG to your opponent. Left Tentacle
75%
Load the saved board. Load
75%
Dust: Give the highest cost card in your hand -2 cost. Lost Alphys
75%
Dust: Deal 4 DMG to a random damaged living enemy monster. Lost Asgore
75%
Dust: Heal 3 HP to a random damaged ally monster and yourself. Lost Papyrus
75%
Dust: Add a Gaster Blaster to your hand. Lost Sans
75%
Dust: Give a random living enemy monster -3 ATK. Lost Toriel
75%
Dust: Deal 2 DMG to the lowest HP living enemy monster. Lost Undyne
75%
Magic: Add 8 Cursors to your deck and 1 to your hand. Mauswheel
75%
Magic: If you have Eggs and Flour in your dustpile, Burn them and turn into a Cake. Milk
75%
Turbo: Burn this, deal 2 DMG to you and draw a card. Mine
75%
Charge. Magic: Draw a card. Send your hand to your deck and draw the same number of cards. Mobility Tracks
75%
Disarmed. Turn start: Die to give all monsters in your hand and board -2/-2 (min: 1/1 in hand) Ms Pipis
75%
Disarmed. Turn end: Die. Dust: Deal 2 DMG to all allies. Petrified Monster
75%
Taunt. Magic: Give a Dog in your hand +3/+3. Pile of Bones
75%
Haste. Whenever this attacks and kills a monster, summon a Police Line. Turn end: Silence itself and gain Taunt. Police Line
75%
Magic: Add Endgame. Burn 18 Pieces in your dustpile to fill your hand with Ponmen with +3 ATK and Dodge (1). Ponqueen
75%
Give the opponent +8 HP. Press F1 For HELP
75%
Silence all enemy Rouxls Kaards. Puzzle Box
75%
Kill an enemy monster. Increase the Genocide counter by 1 and reduce your max HP by the Genocide counter. Real Knife
75%
Look at 5 random monsters (max. EPIC) costing 4-5 G and choose one. Add it to your hand with +1 HP. Recruitment
75%
Transparency. Red Flower
75%
Taunt. Magic: Swap the ATK and HP of all other monsters. Round Devices
75%
Shuffle your hand back into your deck. Then, draw 4 cards and give them -1 cost. Royal Bravery
75%
Burn your Dustpile. For every 7 monsters burned, summon the next Lost Soul with +1/+1, Taunt, and Haste. Royal Determination
75%
Add an exact copy of a monster (except Alphys) to your hand. If it was LEGENDARY or DT, give it +2 cost. Royal Integrity
75%
Add 1 of every non-TOKEN JUSTICE spell you cast this game to your hand. They cost 1 less. Royal Justice
75%
Give all ally monsters Haste and Invulnerable for this turn. Royal Kindness
75%
Look at all cards in your deck and choose one to draw. Royal Patience
75%
Kill all enemies under KR. Give all enemy monsters KR. Royal Perseverance
75%
Give a monster +1 Dodge. Sans Milk
75%
Look at 2 random cards in your deck and choose one to draw. Scope
75%
Look at all LEGENDARY monsters (except Seam). Choose one to add to the top of your deck. Shadow Crystal
75%
Give an ally monster +1/+1 and draw a card. Shield
75%
Haste. Loop (1). Magic: Program (4): If a copy with no Loop is in your hand, Burn it to gain +4/+4. Shovel
75%
If it's the first time you cast this, Silence and kill a monster. Fill your hand with Ice Crystals with its ATK and HP. Snowgrave
75%
Deal 3 DMG to an enemy monster. If it dies, deal 3 DMG to a random other enemy monster. Spade
75%
Deal DMG to all enemies equal to the amount of empty slots on your side of the board. Spade Chaos
75%
Turn end: Give all other ally monsters Taunt. Support: Turn into Queen Painting with the same base stats as this. Spamton Painting
75%
Haste. Dust: Summon a Spider. Spider Croissant
75%
Haste. Taunt. Delay: Heal 3 HP to this and you. Spider Donut
75%
Look at all cards in the enemy hand and choose one. Give it +1 cost. Spying
75%
Haste. Turn end: Die. Dust: Heal 1 HP to you. Star
75%
Heal 4 HP. If this targeted a monster also give it +1/+1. Tea Set
75%
Summon 4 different 1-cost Snails from your dustpile. Trigger their Magic, then give them +1 ATK, Haste, Dodge (1). Thundersnail
75%
Give all Generated cards in your hand and deck -1 cost. Time Warp
75%
Magic: If you have no Too Many Dogs in your hand, fill your hand with Dog Residue. Too Many Dogs
75%
Look at 7 different 7-cost monsters (except Totem). Choose one to add to your hand with -7 cost. Totemic Carvings
75%
Haste. Taunt. Dust: Give its killer KR and -1/-1. Toxic Cloud
75%
Deal 2 DMG to a monster and draw a monster from your deck. Trick Question
75%
Kill a monster. Kill all paralyzed enemy monsters. True Self
75%
"A wonderful creation." True Vessel
75%
Taunt. Dust: If this died during the enemy turn, give its killer -1/-1. Vase
75%
Deal 2 DMG to a monster and draw a spell from your deck (except Blitz Quiz). Zap Cannon
75%
Deal 5 DMG to an enemy monster. Deal the excess DMG to another random enemy one. Zephyr
75%
Taunt. Blockler O
50%
Taunt. Blue Flower
50%
Charge. Running over your opponents with the power of luck! Bulldogzer
50%
Deal 5 DMG to your opponent. Draw a card. Delay: Give all ally monsters +1/+1. Chalk
50%
--- Clean Rabbick
50%
Add 4 Gemstones to your hand with -1 cost. Crystal Downpour
50%
Deal 3 DMG. Crystal Shard
50%
Magic: Draw a card. Cursor
50%
Magic: Give a monster Taunt. Give yourself +3 HP. Dancing Stickman
50%
Kill a random enemy monster. Devilsknife
50%
Magic: Deal 2 DMG. Deal 1 DMG to all enemies. Feather Storm
50%
Give all ally Plants +2 HP. Fluid Dance
50%
Taunt. Gift
50%
Summon 2 GIGA Baseballs. GIGA Balls
50%
--- Kid Slime
50%
Taunt. Candy. K-Round
50%
Turbo: Deal 3 DMG to you and draw a card. Little Mine
50%
Haste. Mettabot
50%
Give all ally Plants Taunt. Mocking Dance
50%
Choose a Dance to cast. Mushroom Dance
50%
Taunt. Pebble
50%
Paralyze an enemy monster. Deal 1 DMG to all other enemies. Prison Bars
50%
Taunt. Dust: Heal 2 HP to you. Red House
50%
Dust: Heal 3 HP to you. Right Tentacle
50%
Taunt. Snow Frisk
50%
Taunt. Spincake
50%
Give all ally Plants Haste. Swift Dance
50%
Charge. Temmie 2
50%
--- Thrashing Machine
50%
Armor. Delay: Deal 4 DMG to a random enemy monster. Excess DMG is dealt to the opponent. Tough Body
50%
Turbo: Burn this, heal 2 HP to you and draw a card. Vegetables
50%
Taunt. Apoca Duck
25%
--- Dragon Kid
25%
Add a copy of a non-DT monster with a tribe to your hand and give it +1/+1. Popato Chisps
25%
Candy. Haste. Taunt. Rescue Helicopter
25%
--- Spear
25%
Give all ally Plants Candy. Sweet Dance
25%
No matching quizzes found
Score Distribution
Percent of People with Each Score
Percentile by Number Answered
Your Score History
You have not taken this quiz since the last reset